Scottish property fact file 1994. (Record no. 89723)

MARC details
000 -LEADER
fixed length control field 01427cam a2200493 4500
001 - CONTROL NUMBER
control field M1489
008 - FIXED-LENGTH DATA ELEMENTS--GENERAL INFORMATION
fixed length control field 090401t1994 xxu||||| |||| 00| 0 eng d
035 ## - SYSTEM CONTROL NUMBER
System control number (Sirsi) u32349
041 ## - LANGUAGE CODE
Language code of text/sound track or separate title eng
050 ## - LIBRARY OF CONGRESS CALL NUMBER
Classification number 333.330212
090 ## - LOCALLY ASSIGNED LC-TYPE CALL NUMBER (OCLC); LOCAL CALL NUMBER (RLIN)
Classification number (OCLC) (R) ; Classification number, CALL (RLIN) (NR) RICS 1994/25A
110 ## - MAIN ENTRY--CORPORATE NAME
Corporate name or jurisdiction name as entry element Royal Institution of Chartered Surveyors
Subordinate unit Scotland
9 (RLIN) 3082
245 ## - TITLE STATEMENT
Title Scottish property fact file 1994.
260 ## - PUBLICATION, DISTRIBUTION, ETC.
Place of publication, distribution, etc. Edinburgh
Name of publisher, distributor, etc. Royal Institution of Chartered Surveyors
Date of publication, distribution, etc. 1994
300 ## - PHYSICAL DESCRIPTION
Extent (8)p. ; 18cm.
350 ## - PRICE (NR) (BK AM CF MU VM SE) [OBSOLETE]
Price 0
520 ## - SUMMARY, ETC.
Summary, etc. Sent free to all corporate members of the RICS in Scotland.
650 ## - SUBJECT ADDED ENTRY--TOPICAL TERM
Topical term or geographic name entry element CONSTRUCTION OUTPUT
650 ## - SUBJECT ADDED ENTRY--TOPICAL TERM
Topical term or geographic name entry element COUNTRY PARKS
650 ## - SUBJECT ADDED ENTRY--TOPICAL TERM
Topical term or geographic name entry element GREEN BELT
650 ## - SUBJECT ADDED ENTRY--TOPICAL TERM
Topical term or geographic name entry element HOUSEHOLDS
650 ## - SUBJECT ADDED ENTRY--TOPICAL TERM
Topical term or geographic name entry element LAND AREA
650 ## - SUBJECT ADDED ENTRY--TOPICAL TERM
Topical term or geographic name entry element LOCAL NATURE RESERVES
650 ## - SUBJECT ADDED ENTRY--TOPICAL TERM
Topical term or geographic name entry element LOCAL DEVELOPMENT PLANS
650 ## - SUBJECT ADDED ENTRY--TOPICAL TERM
Topical term or geographic name entry element MORTGAGES
650 ## - SUBJECT ADDED ENTRY--TOPICAL TERM
Topical term or geographic name entry element NATIONAL NATURE RESERVES
650 ## - SUBJECT ADDED ENTRY--TOPICAL TERM
Topical term or geographic name entry element NATURE CONSERVATION AREAS
650 ## - SUBJECT ADDED ENTRY--TOPICAL TERM
Topical term or geographic name entry element OFFICE MARKET RENTS
650 ## - SUBJECT ADDED ENTRY--TOPICAL TERM
Topical term or geographic name entry element PROPERTY INVESTMENT YIELDS
650 ## - SUBJECT ADDED ENTRY--TOPICAL TERM
Topical term or geographic name entry element PROPERTY
650 ## - SUBJECT ADDED ENTRY--TOPICAL TERM
Topical term or geographic name entry element RAMSAR SITES
650 ## - SUBJECT ADDED ENTRY--TOPICAL TERM
Topical term or geographic name entry element REGIONAL PARKS
650 ## - SUBJECT ADDED ENTRY--TOPICAL TERM
Topical term or geographic name entry element RENTAL VALUES
650 ## - SUBJECT ADDED ENTRY--TOPICAL TERM
Topical term or geographic name entry element RESIDENTIAL PROPERTY
9 (RLIN) 6266
650 ## - SUBJECT ADDED ENTRY--TOPICAL TERM
Topical term or geographic name entry element SCOTLAND
650 ## - SUBJECT ADDED ENTRY--TOPICAL TERM
Topical term or geographic name entry element SITES OF SPECIAL SCIENTIFIC INTEREST
650 ## - SUBJECT ADDED ENTRY--TOPICAL TERM
Topical term or geographic name entry element SPECIAL PROTECTION AREAS
650 ## - SUBJECT ADDED ENTRY--TOPICAL TERM
Topical term or geographic name entry element STATISTICS
650 ## - SUBJECT ADDED ENTRY--TOPICAL TERM
Topical term or geographic name entry element STRUCTURE PLANS
650 ## - SUBJECT ADDED ENTRY--TOPICAL TERM
Topical term or geographic name entry element WORLD HERITAGE SITES
690 ## - LOCAL SUBJECT ADDED ENTRY--TOPICAL TERM (OCLC, RLIN)
Topical term or geographic name as entry element PROPERTY LAW AND PRACTICE
942 ## - ADDED ENTRY ELEMENTS (KOHA)
Suppress in OPAC 0
948 ## - LOCAL PROCESSING INFORMATION (OCLC); SERIES PART DESIGNATOR (RLIN)
c (OCLC) 04/03/1997
Holdings
Withdrawn status Lost status Source of classification or shelving scheme Damaged status Not for loan Home library Current library Shelving location Date acquired Total Checkouts Full call number Barcode Date last seen Copy number Price effective from Koha item type
    Dewey Decimal Classification     London London RICS Boxes 12/05/1994   RICS 1994/25 30041544 06/08/2019 1 06/08/2019 Archive
    Dewey Decimal Classification     London London RICS Boxes 12/04/2005   RICS 1994/25 30070284 06/08/2019 2 06/08/2019 Reference material